Two from Galilee : (Record no. 739)
[ view plain ]
| 000 -LEADER | |
|---|---|
| fixed length control field | 00678nam a2200217Ia 4500 |
| 001 - CONTROL NUMBER | |
| control field | 4828664 |
| 003 - CONTROL NUMBER IDENTIFIER | |
| control field | OSt |
| 005 - DATE AND TIME OF LATEST TRANSACTION | |
| control field | 20180823130948.0 |
| 008 - FIXED-LENGTH DATA ELEMENTS--GENERAL INFORMATION | |
| fixed length control field | 790406s1972 nyu 000 1 eng d |
| 040 ## - CATALOGING SOURCE | |
| Original cataloging agency | SEA |
| Transcribing agency | SEA |
| Modifying agency | m.c. |
| -- | WMC |
| 082 ## - DEWEY DECIMAL CLASSIFICATION NUMBER | |
| Classification number | 813 |
| Item number | H749T |
| 090 ## - LOCALLY ASSIGNED LC-TYPE CALL NUMBER (OCLC); LOCAL CALL NUMBER (RLIN) | |
| Classification number (OCLC) (R) ; Classification number, CALL (RLIN) (NR) | PS3515.O4457 |
| Local cutter number (OCLC) ; Book number/undivided call number, CALL (RLIN) | T9 1972 |
| 100 1# - MAIN ENTRY--PERSONAL NAME | |
| Personal name | Holmes, Marjorie, |
| Dates associated with a name | 1910-2002. |
| 245 10 - TITLE STATEMENT | |
| Title | Two from Galilee : |
| Remainder of title | a love story / |
| Statement of responsibility, etc. | Marjorie Holmes. |
| 260 ## - PUBLICATION, DISTRIBUTION, ETC. | |
| Place of publication, distribution, etc. | Carmel, N. Y. : |
| Name of publisher, distributor, etc. | Guideposts Associates, |
| Date of publication, distribution, etc. | c1972. |
| 300 ## - PHYSICAL DESCRIPTION | |
| Extent | 223 p. ; |
| Dimensions | 22 cm. |
| 600 00 - SUBJECT ADDED ENTRY--PERSONAL NAME | |
| Personal name | Mary, |
| Titles and other words associated with a name | Blessed Virgin, Saint |
| Form subdivision | Fiction. |
| 600 00 - SUBJECT ADDED ENTRY--PERSONAL NAME | |
| Personal name | Joseph, |
| Titles and other words associated with a name | Saint |
| Form subdivision | Fiction. |
| 630 00 - SUBJECT ADDED ENTRY--UNIFORM TITLE | |
| Uniform title | Bible. |
| Name of part/section of a work | New Testament |
| General subdivision | History of Biblical events |
| Form subdivision | Fiction. |
| 942 ## - ADDED ENTRY ELEMENTS (KOHA) | |
| Source of classification or shelving scheme | Dewey Decimal Classification |
| Koha item type | Books |
| Withdrawn status | Lost status | Source of classification or shelving scheme | Damaged status | Not for loan | Collection code | Home library | Current library | Shelving location | Date acquired | Total Checkouts | Full call number | Barcode | Date last seen | Price effective from | Koha item type |
|---|---|---|---|---|---|---|---|---|---|---|---|---|---|---|---|
| Dewey Decimal Classification | Non-fiction | Harvest Mission College | Harvest Mission College | General Stacks | 23.08.2018 | 813 H749T | 001584 | 23.08.2018 | 23.08.2018 | Books |
